00401pab a2200121 454500008004000000100002200040245010800062260000900170300001200179362001000191650002600201773005200227180718b1989 xxu||||| |||| 00| 0 eng d aWettenhall, Roger aThe emergence of public enterprise peak organisationsbFilling a gap in government enterprise relations c1989 a381-400 aSept. aGovernment Enterprise aInternational Review of Administration Sciences